banner koha

Avaliação histológica e ultra-estrutural de tendões de bovinos preservados em diferentes meios (Registro n. 179830)

MARC details
000 -LÍDER
campo de controle de tamanho fixo 00971nas a2200337 4500
001 - NÚMERO DE CONTROLE
campo de controle BR0404042
003 - IDENTIFICADOR DO NÚMERO DE CONTROLE
campo de controle BR-BrBNA
005 - DATA E HORÁRIO DA ÚLTIMA TRANSAÇÃO
campo de controle 20231205104823.0
007 - CAMPO FIXO DE DESCRIÇÃO FÍSICA--INFORMAÇÃO GERAL
campo de controle de tamanho fixo ta
008 - CAMPO DE DADOS FIXOS--INFORMAÇÃO GERAL
campo de controle de tamanho fixo 230509b bl.|||p| |||| 00| 00por d
040 ## - FONTE DA CATALOGAÇÃO
Instituição da catalogação original BR-BrBNA
Idioma da catalogação por
Instituição que transcreveu o registro Biblioteca Nacional de Agricultura
041 ## - CÓDIGO DE IDIOMA
Código do idioma do texto/trilha sonora ou título diferente (Pt)
072 ## - CÓDIGO DE CATEGORIA DE ASSUNTO
Código de Categoria de Assunto L40
100 1# - ENTRADA PRINCIPAL--NOME PESSOAL
Nome pessoal Nolasco, R.M.
100 1# - ENTRADA PRINCIPAL--NOME PESSOAL
Nome pessoal Beletti, M.E.
100 1# - ENTRADA PRINCIPAL--NOME PESSOAL
Nome pessoal Eurides, D.
100 1# - ENTRADA PRINCIPAL--NOME PESSOAL
Nome pessoal Silva, F.O.C. e
100 1# - ENTRADA PRINCIPAL--NOME PESSOAL
Nome pessoal Coelho, H.E.
100 1# - ENTRADA PRINCIPAL--NOME PESSOAL
Nome pessoal Daleck, C.R.
100 1# - ENTRADA PRINCIPAL--NOME PESSOAL
Nome pessoal Silva, L.A.F. da
245 1# - TÍTULO
Título Avaliação histológica e ultra-estrutural de tendões de bovinos preservados em diferentes meios
650 ## - ASSUNTO--TERMO TÓPICO
Cabeçalho tópico ou nome geográfico BOVINO
650 ## - ASSUNTO--TERMO TÓPICO
Cabeçalho tópico ou nome geográfico HISTOLOGIA ANIMAL
650 ## - ASSUNTO--TERMO TÓPICO
Cabeçalho tópico ou nome geográfico TECIDO ANIMAL
650 ## - ASSUNTO--TERMO TÓPICO
Cabeçalho tópico ou nome geográfico TENDÃO
650 ## - ASSUNTO--TERMO TÓPICO
Cabeçalho tópico ou nome geográfico CONGELAMENTO
650 ## - ASSUNTO--TERMO TÓPICO
Cabeçalho tópico ou nome geográfico SOLUÇÃO
773 0# - ENTRADA ANALÍTICA
Título Ars Veterinária (Brazil)
ISSN - International Standard Serial Number ISSN 0102-6380
Partes relacionadas (Dec 2003), v. 19(3) p. 210-215
Número de controle do registro BR0404042
909 ## -
-- 202311
-- Lúcia
-- 55
-- Lúcia Elande
942 ## - ELEMENTOS DE ENTRADA ADICIONADOS (KOHA)
Fonte da classificação ou esquema de arquivamento na estante Classificação AGRIS
Ocultar no OPAC Não
Tipo de material Koha Analítica
Exemplares
Situação do descarte Fonte da classificação ou esquema de arquivamento na estante Situação física Não pode ser emprestado Biblioteca de origem Biblioteca atual Localização na estante Enumeração do periódico / cronologia Total de empréstimos Data de último acesso Número do exemplar Tipo de material Koha Fonte de aquisição
  Classificação AGRIS   Consulta local Biblioteca Nacional de Agricultura - Binagri Biblioteca Nacional de Agricultura - Binagri   (Dec 2003), v. 19(3) p. 210-215   29/11/2023 01 Periódicos Portaria Interministerial nº 164/94

BINAGRI

Telefone: (61)3218-2567/2388/3357/2097 - binagri@agro.gov.br

Ministério da Agricultura e Pecuária , Esplanada dos Ministérios, Bloco D, Anexo B, Brasília/DF, CEP: 70.043-900